LDR 00663naa#a2200169#i#450# 001 EN\INFRA-M\bibl\126385 005 20260703002223.5 011 ## _a2306-1731 100 ## _a20260623b2026####ek#y0engy0150####ca 102 ## _aRU 200 1# _aExperience of Implementing the Swiss Model of Vocational Tourism Education in the World _eJournal article 210 1# _aMoscow _cINFRA-M Academic Publishing LLC. _d2026 215 ## _a5 с. 608 ## _aJournal article _2local 675 ## _aОрганизация высшего образования. Организация работы высшего учебного заведения. 378.1 _z 700 #1 _alarionov _gG. S. 856 4# _azh-szf.ru _u